000 00466nam a22001577a 4500
999 _c9330
_d9330
008 210403b ||||| |||| 00| 0 eng d
040 _aBMS College of Architecture
100 _aA, R, Lakshmi
245 _aSchool of Music Bangalore
300 _a58p.
500 _a1BM98AT018
502 _8B,Arch
_NBMS College of Architecture, Visvesvaraya Technological University
_aProject report
_d2003
650 _aMusic
700 _aMamtha P Raj
_eGuide
942 _2ddc
_cTHE